|
|
|
|
| LEADER |
00000caa a2200000 c 4500 |
| 001 |
1125959258 |
| 003 |
DE-627 |
| 005 |
20251015120554.0 |
| 007 |
tu |
| 008 |
961203s1996 xx ||||| 00| ||ger c |
| 020 |
|
|
|a 3110143658
|
| 035 |
|
|
|a (DE-627)1125959258
|
| 035 |
|
|
|a (DE-576)055959253
|
| 035 |
|
|
|a (DE-599)BSZ055959253
|
| 040 |
|
|
|a DE-627
|b ger
|c DE-627
|e rakwb
|
| 041 |
|
|
|a ger
|
| 100 |
1 |
|
|a Froschauer, Hermann
|d 1936-
|0 (DE-588)1217109811
|0 (DE-627)1728930472
|4 aut
|
| 109 |
|
|
|a Froschauer, Hermann 1936-
|
| 245 |
1 |
0 |
|a Erfahrungen mit dem Gesetz über das Aufspüren von Gewinnen aus schweren Straftaten (Geldwäschegesetz - GWG -) vom 25. Oktober 1993
|c Hermann Froschauer
|
| 264 |
|
1 |
|c 1996
|
| 336 |
|
|
|a Text
|b txt
|2 rdacontent
|
| 337 |
|
|
|a ohne Hilfsmittel zu benutzen
|b n
|2 rdamedia
|
| 338 |
|
|
|a Band
|b nc
|2 rdacarrier
|
| 773 |
0 |
8 |
|i In
|t Festschrift für Walter Odersky
|d Berlin [u.a.] : de Gruyter, 1996
|g (1996), Seite 351 - 369
|h XVII, 1101 S.
|w (DE-627)214151859
|w (DE-576)054115043
|z 3110143658
|7 nnam
|
| 773 |
1 |
8 |
|g year:1996
|g pages:351 - 369
|
| 889 |
|
|
|w (DE-627)83403347X
|
| 935 |
|
|
|a mkri
|
| 935 |
|
|
|i mdedup
|
| 951 |
|
|
|a AR
|
| ELC |
|
|
|b 1
|
| LOK |
|
|
|0 000 xxxxxcx a22 zn 4500
|
| LOK |
|
|
|0 001 2294867769
|
| LOK |
|
|
|0 003 DE-627
|
| LOK |
|
|
|0 004 1125959258
|
| LOK |
|
|
|0 005 20170928162757
|
| LOK |
|
|
|0 008 970409||||||||||||||||ger|||||||
|
| LOK |
|
|
|0 040
|a DE-21-24
|c DE-627
|d DE-21-24
|
| LOK |
|
|
|0 689
|a s
|a Geldwäschegesetz
|
| LOK |
|
|
|0 852
|a DE-21-24
|
| LOK |
|
|
|0 852 1
|c In: A,Ic,445
|m p
|9 00
|
| LOK |
|
|
|0 935
|a uwfe
|
| LOK |
|
|
|0 936ln
|a A,Ic,
|
| LOK |
|
|
|0 938
|k p
|
| LOK |
|
|
|0 939
|a 09-04-97
|b l01
|
| LOK |
|
|
|0 000 xxxxxcx a22 zn 4500
|
| LOK |
|
|
|0 001 2899511254
|
| LOK |
|
|
|0 003 DE-627
|
| LOK |
|
|
|0 004 1125959258
|
| LOK |
|
|
|0 005 20160223100814
|
| LOK |
|
|
|0 008 160208||||||||||||||||ger|||||||
|
| LOK |
|
|
|0 040
|a DE-21-110
|c DE-627
|d DE-21-110
|
| LOK |
|
|
|0 689
|a s
|a Geldwäscherei
|
| LOK |
|
|
|0 852
|z Kein Bestand am IfK; Nachweis für KrimDok
|
| LOK |
|
|
|0 852
|a DE-21-110
|
| LOK |
|
|
|0 852 1
|m v
|9 00
|
| LOK |
|
|
|0 935
|a k110
|
| LOK |
|
|
|0 938
|k v
|
| LOK |
|
|
|0 939
|a 08-02-16
|b l01
|
| ORI |
|
|
|a SA-MARC-krimdoka001.raw
|